[Event "Spring Open Tournament 1"]
[Site "SchemingMind.com"]
[Date "2017.04.15"]
[Round "-"]
[White "Chessibelle"]
[Black "Wojtek26"]
[Result "0-1"]
[WhiteCountry "ENG"]
[BlackCountry "POL"]
[WhiteElo "1106"]
[WhiteRD "61"]
[BlackElo "1580"]
[BlackRD "50"]
[GameID "412926"]

1. e4 e5 2. Nc3 Nf6 3. Nf3 Nc6 4. d3 Bb4 5. Bd2 O-O 6. Be2 d5 7. O-O Bxc3 8. Bxc3 d4 9. Bd2 Be6 10. c3 a6
11. b4 b5 12. a3 dxc3 13. Bxc3 Nd7 14. Qd2 Re8 15. h3 f6 16. g4 Nf8 17. d4 exd4 18. Nxd4 Nxd4 19. Bxd4 Bc4 20. Rfe1 Rxe4
21. Qc3 Rxe2 22. Bc5 Ne6 23. Be3 Rxe1+ 24. Rxe1 Qd5 25. Bd2 Nd4 26. Re3 Ne2+ 27. Rxe2 Bxe2 28. Qe3 Bf3 29. Kf1 Rd8 30. Bc3 Qc4+
31. Kg1 Qd5 32. Kf1 Qd3+
0-1

[Event "Spring Open Tournament 1"]
[Site "SchemingMind.com"]
[Date "2017.04.15"]
[Round "-"]
[White "Wojtek26"]
[Black "Chessibelle"]
[Result "1-0"]
[WhiteCountry "POL"]
[BlackCountry "ENG"]
[WhiteElo "1580"]
[WhiteRD "50"]
[BlackElo "1106"]
[BlackRD "61"]
[GameID "412927"]

1. d4 d5 2. Nf3 Nf6 3. Nc3 Nc6 4. e3 e6 5. Bb5 Bd7 6. O-O Be7 7. h3 O-O 8. a3 Bd6 9. b4 e5 10. dxe5 Nxe5
11. Nxe5 Bxe5 12. Bxd7 Qxd7 13. Bb2 Qd6 14. Nb5 Qe7 15. Bxe5 Qxe5 16. Qd3 g6 17. f4 Qe6 18. Nxc7 Qc8 19. Nxa8 Qxa8 20. Qd4 Qd8
21. Rad1 Qd7 22. Qxf6 Qe8 23. Rfe1 a6 24. Rxd5 Qc8 25. c3 b5 26. Red1 Qe8 27. Kf2 Qb8 28. Rd8 Qc7 29. Rxf8+
1-0

[Event "Spring Open Tournament 1"]
[Site "SchemingMind.com"]
[Date "2017.04.17"]
[Round "-"]
[White "Chessibelle"]
[Black "Supernova"]
[Result "1-0"]
[WhiteCountry "ENG"]
[BlackCountry "FRA"]
[WhiteElo "1181"]
[WhiteRD "66"]
[BlackElo "1486"]
[BlackRD "95"]
[GameID "412977"]

1. e4 e5 2. Nf3 Nc6 3. Nc3 Nf6 4. d3 Be7 5. Be2 O-O 6. O-O d6 7. a3 Be6 8. b4 a6 9. Ng5 Nd4 10. g3 b5
11. Bb2 h6 12. Nf3 Nxf3+ 13. Bxf3 Bh3 14. Re1 Be6 15. d4 exd4 16. Ne2 Rc8 17. Bxd4 Bc4 18. Nc3 c5 19. Be3 Re8 20. Nd5 Nxd5
21. Bd2 Nf6 22. c3 cxb4 23. cxb4 d5 24. e5 Nd7 25. Bg4 Rc6 26. Bh5 Bg5 27. Bc3 Qc7 28. Qf3 Nf8 29. Bg4 Ng6 30. Qf5 Qd8
31. Rf1 Bxf1 32. Rxf1 Rxc3 33. f4 Qb6+ 34. Kg2 Be7 35. Qb1 Qe3 36. Bf3 Rxa3 37. Bxd5 Qd2+ 38. Kh3 Qxd5 39. Re1 Ra2 40. Qc1 Qg2+
41. Kg4 Qxh2 42. Kf5 Qxg3 43. Ke4 f5+ 44. Kxf5 Rf2 45. Ke6
1-0

[Event "Spring Open Tournament 1"]
[Site "SchemingMind.com"]
[Date "2017.04.17"]
[Round "-"]
[White "Supernova"]
[Black "Chessibelle"]
[Result "1-0"]
[WhiteCountry "FRA"]
[BlackCountry "ENG"]
[WhiteElo "1607"]
[WhiteRD "101"]
[BlackElo "1123"]
[BlackRD "65"]
[GameID "412978"]

1. d4 d5 2. c4 Nf6 3. Nc3 Nc6 4. e3 Bg4 5. Nf3 g6 6. Be2 Bg7 7. cxd5 Nxd5 8. O-O Qd6 9. Bd2 O-O 10. Rc1 f6
11. Ne4 Qe6 12. Ng3 f5 13. Bc4 Qd6 14. h3 Bh5 15. Nxh5 Bh6 16. Nf4 g5 17. Nxd5 a6 18. Nxc7+ Kg7 19. Nxa8 Rxa8 20. Bc3 Kg6
21. Ne5+ Kf6 22. Nxc6 bxc6 23. d5+ Kg6 24. Qd4 Bg7 25. Qxg7+ Kh5 26. Qxh7+ Qh6 27. g4+ fxg4 28. hxg4+ Kh4 29. Qxh6+ Kxg4 30. Be2+ Kf5
31. Qe6#
1-0

[Event "Spring Open Tournament 1"]
[Site "SchemingMind.com"]
[Date "2017.04.17"]
[Round "-"]
[White "Wojtek26"]
[Black "Supernova"]
[Result "1-0"]
[WhiteCountry "POL"]
[BlackCountry "FRA"]
[WhiteElo "1608"]
[WhiteRD "51"]
[BlackElo "1486"]
[BlackRD "95"]
[GameID "412979"]

1. e4 c5 2. Nf3 d6 3. d4 cxd4 4. Nxd4 e5 5. Nf3 Nc6 6. Bc4 Be7 7. O-O Nf6 8. Nc3 O-O 9. b3 Be6 10. Bxe6 fxe6
11. Bb2 Ne8 12. Qe2 Bf6 13. Nb5 d5 14. exd5 e4 15. Bxf6 exf3 16. Bxd8 fxe2 17. Rfe1 Nxd8 18. Rxe2 exd5 19. Rxe8 Rxe8 20. Nc7 Nc6
21. Nxa8 Rxa8 22. Rd1 Re8 23. Kf1 d4 24. f3 Rd8 25. Ke2 Nb4 26. a4 Nxc2 27. Kd3 Ne3 28. g3 Nf5 29. Re1 Kf7 30. g4 Nh4
31. Rf1 g5 32. Rf2 a5 33. Kc4
1-0

[Event "Spring Open Tournament 1"]
[Site "SchemingMind.com"]
[Date "2017.04.17"]
[Round "-"]
[White "Supernova"]
[Black "Wojtek26"]
[Result "1-0"]
[WhiteCountry "FRA"]
[BlackCountry "POL"]
[WhiteElo "1607"]
[WhiteRD "101"]
[BlackElo "1567"]
[BlackRD "50"]
[GameID "412980"]

1. c4 c5 2. Nc3 Nf6 3. g3 e6 4. Bg2 d5 5. cxd5 Nxd5 6. e4 Nxc3 7. bxc3 Nc6 8. Ne2 Bd6 9. Bb2 O-O 10. O-O Re8
11. Rb1 Qc7 12. d4 cxd4 13. cxd4 b6 14. Rc1 Bb7 15. d5 exd5 16. exd5 Qe7 17. dxc6 Bc8 18. c7 Bxc7 19. Bxa8 Ba6 20. Bf3 Bxe2
21. Bxe2 Qxe2 22. Qxe2
1-0

[Event "Spring Open Tournament 1"]
[Site "SchemingMind.com"]
[Date "2017.04.22"]
[Round "-"]
[White "Transcendent"]
[Black "Chessibelle"]
[Result "1-0"]
[WhiteCountry "ENG"]
[BlackCountry "ENG"]
[WhiteElo "1714"]
[WhiteRD "62"]
[BlackElo "1123"]
[BlackRD "65"]
[GameID "413086"]

1. d4 d5 2. c4 Nf6 3. cxd5 Nxd5 4. Nf3 e6 5. e4 Nf6 6. Nc3 Be7 7. Be2 Nc6 8. O-O O-O 9. h3 a6 10. Be3 b5
11. a3 Qd6 12. e5 Qd7 13. exf6 Bxf6 14. Ne4 Qe7 15. Rc1 Bb7 16. Nxf6+ Qxf6 17. Bg5 Qf5 18. Rc5 Qg6 19. Nh4 Qe4 20. Bf3 Qxd4
21. Qxd4 Nxd4 22. Bxb7 Rab8 23. Bxa6 Ne2+ 24. Kh2 Nd4 25. Rxc7 b4 26. Rd1 Nb3 27. Be7 Rfe8 28. Rdd7 g6 29. Bxb4 f5 30. Rg7+ Kh8
31. Rxh7+ Kg8 32. Rcg7#
1-0

[Event "Spring Open Tournament 1"]
[Site "SchemingMind.com"]
[Date "2017.04.22"]
[Round "-"]
[White "Chessibelle"]
[Black "Transcendent"]
[Result "0-1"]
[WhiteCountry "ENG"]
[BlackCountry "ENG"]
[WhiteElo "1123"]
[WhiteRD "65"]
[BlackElo "1714"]
[BlackRD "62"]
[GameID "413087"]

1. e4 e6 2. Nf3 d5 3. Nc3 dxe4 4. Nxe4 Nf6 5. Nc3 Bc5 6. d4 Bb4 7. Bd2 O-O 8. Be2 Nc6 9. O-O Nxd4 10. Bd3 b6
11. Ng5 g6 12. f3 Bb7 13. a3 Bc5 14. b4 Nxc2+ 15. Kh1 Qxd3 16. Ne2 Nxa1 17. Nf4 Qxa3 18. bxc5 Rad8 19. Qe2 Ba6 20. Qf2 Bxf1
21. Qe1 Ba6 22. Bc3 Qxc3 23. Qxc3 Rd1+
0-1

[Event "Spring Open Tournament 1"]
[Site "SchemingMind.com"]
[Date "2017.04.23"]
[Round "-"]
[White "Transcendent"]
[Black "Wojtek26"]
[Result "0-1"]
[WhiteCountry "ENG"]
[BlackCountry "POL"]
[WhiteElo "1658"]
[WhiteRD "64"]
[BlackElo "1608"]
[BlackRD "51"]
[GameID "413088"]

1. e4 e5 2. Nf3 Nc6 3. Bb5 Nge7 4. Nc3 a6 5. Ba4 b5 6. Bb3 g6 7. O-O Bg7 8. d3 O-O 9. Ne2 Bb7 10. Ng3 Na5
11. Be3 Nxb3 12. axb3 d6 13. Qd2 Nc6 14. h3 Nd4 15. Nxd4 exd4 16. Bf4 Bc8 17. Ne2 c5 18. Bg3 Be5 19. f4 Bg7 20. b4 f5
21. bxc5 dxc5 22. e5 Re8 23. Ra5 Bh6
0-1

[Event "Spring Open Tournament 1"]
[Site "SchemingMind.com"]
[Date "2017.04.22"]
[Round "-"]
[White "Wojtek26"]
[Black "Transcendent"]
[Result "1-0"]
[WhiteCountry "POL"]
[BlackCountry "ENG"]
[WhiteElo "1596"]
[WhiteRD "45"]
[BlackElo "1541"]
[BlackRD "64"]
[GameID "413089"]

1. d4 Nf6 2. e3 d5 3. Nf3 c5 4. Be2 Nc6 5. O-O Bf5 6. Nc3 e6 7. a3 Be7 8. h3 O-O 9. Nh4 Bg6 10. Nxg6 hxg6
11. dxc5 Bxc5 12. Na4 Be7 13. c4 dxc4 14. Bxc4 a6 15. b4 b5 16. Bxe6 bxa4 17. Qxa4 Ne5 18. Rd1 Qb6 19. Ba2 Rfd8 20. Bb2 Nd3
21. Bxf6 Bxf6 22. Rab1 Ne5 23. Rbc1 Rxd1+ 24. Rxd1 Qb5 25. Qb3 Ra7 26. Rd5 Qc6 27. Rc5 Qd7 28. Rd5 Qe6 29. Qd1 Qb6 30. Rd6 Qc7
31. Rd2 a5 32. b5 a4 33. Rd6 Qc5 34. b6 Rb7 35. Rxf6 gxf6 36. Qd8+
1-0

[Event "Spring Open Tournament 1"]
[Site "SchemingMind.com"]
[Date "2017.04.24"]
[Round "-"]
[White "Transcendent"]
[Black "Supernova"]
[Result "1-0"]
[WhiteCountry "ENG"]
[BlackCountry "FRA"]
[WhiteElo "1714"]
[WhiteRD "62"]
[BlackElo "1607"]
[BlackRD "101"]
[GameID "413090"]

1. e4 e6 2. d4 d5 3. Nc3 dxe4 4. Nxe4 Be7 5. Nf3 Nf6 6. Bd3 Nbd7 7. O-O O-O 8. c3 b6 9. Re1 Bb7 10. Qc2 c5
11. Nxf6+ Nxf6 12. Bg5 g6 13. Nh4 Rc8 14. Bxg6 hxg6 15. Rxe6 fxe6 16. Qxg6+ Kh8 17. Qh6+ Nh7 18. Ng6+ Kg8 19. Nxe7+
1-0

[Event "Spring Open Tournament 1"]
[Site "SchemingMind.com"]
[Date "2017.04.22"]
[Round "-"]
[White "Supernova"]
[Black "Transcendent"]
[Result "0-1"]
[WhiteCountry "FRA"]
[BlackCountry "ENG"]
[WhiteElo "1486"]
[WhiteRD "95"]
[BlackElo "1658"]
[BlackRD "64"]
[GameID "413091"]

1. e4 e6 2. d4 d5 3. Nc3 Bb4 4. e5 c5 5. Bd2 cxd4 6. Nce2 Bc5 7. c3 dxc3 8. Bxc3 Nc6 9. Nh3 Qc7 10. Ng3 Nxe5
11. Bb5+ Bd7 12. Bxd7+ Nxd7 13. O-O Ngf6 14. Rc1 Qd8 15. Re1 O-O 16. b4 Be7 17. a3 Rc8 18. Bxf6 Nxf6 19. Qa4 a6 20. Nf4 Bd6
21. Nd3 Bxg3 22. hxg3 Ne4 23. Nc5 Nxc5 24. Rxc5 Rxc5 25. bxc5 Qc7 26. Qb4 Rc8
0-1

[Event "Spring Open Tournament 1"]
[Site "SchemingMind.com"]
[Date "2017.04.24"]
[Round "-"]
[White "clare1347"]
[Black "Transcendent"]
[Result "1-0"]
[WhiteCountry "ENG"]
[BlackCountry "ENG"]
[WhiteElo "2275"]
[WhiteRD "87"]
[BlackElo "1658"]
[BlackRD "64"]
[GameID "413219"]

1. e4 e6 2. d4 d5 3. Nd2 Nf6 4. e5 Nfd7 5. Ngf3 c5 6. c3 Nc6 7. Bd3 cxd4 8. cxd4 f6 9. exf6 Nxf6 10. Nb3 Bd6
11. O-O O-O 12. Bg5 Bd7 13. Rc1 Rc8 14. Nc5 Qc7 15. Nxd7 Qxd7 16. Re1 Qf7 17. Qe2 Rce8 18. Bxf6 Qxf6 19. Bb5 Nxd4 20. Nxd4 Qxd4
21. Bxe8 Rxe8 22. Rc8
1-0

[Event "Spring Open Tournament 1"]
[Site "SchemingMind.com"]
[Date "2017.04.25"]
[Round "-"]
[White "Transcendent"]
[Black "clare1347"]
[Result "0-1"]
[WhiteCountry "ENG"]
[BlackCountry "ENG"]
[WhiteElo "1658"]
[WhiteRD "64"]
[BlackElo "2275"]
[BlackRD "87"]
[GameID "413220"]

1. d4 d5 2. c4 c6 3. Nf3 Nf6 4. Qc2 dxc4 5. Qxc4 Bg4 6. Ne5 Be6 7. Qb4 Qb6 8. Qxb6 axb6 9. Nc3 Na6 10. e3 Nb4
11. Kd2 b5 12. a3 Nbd5 13. Nxd5 Bxd5 14. f3 Nd7 15. Nxd7 Kxd7 16. e4 Bc4 17. Bxc4 bxc4 18. Kc3 b5 19. Bf4 e6 20. Rhd1 Ra4
21. Rd2 Bb4+ 22. Kc2 Bxd2 23. Bxd2 f6
0-1

[Event "Spring Open Tournament 1"]
[Site "SchemingMind.com"]
[Date "2017.04.24"]
[Round "-"]
[White "clare1347"]
[Black "Chessibelle"]
[Result "1-0"]
[WhiteCountry "ENG"]
[BlackCountry "ENG"]
[WhiteElo "2248"]
[WhiteRD "85"]
[BlackElo "1123"]
[BlackRD "65"]
[GameID "413221"]

1. e4 e5 2. Nf3 Nc6 3. Bb5 Nge7 4. O-O d6 5. d4 Bd7 6. d5 Nb8 7. Bxd7+ Nxd7 8. Bg5 f6 9. Bd2 h6 10. c4 c6
11. Nc3 Ng6 12. Be3 Ne7 13. b4 a6 14. dxc6 Nxc6 15. Nd5 g5 16. Nd4 exd4 17. Qh5#
1-0

[Event "Spring Open Tournament 1"]
[Site "SchemingMind.com"]
[Date "2017.04.25"]
[Round "-"]
[White "Chessibelle"]
[Black "clare1347"]
[Result "0-1"]
[WhiteCountry "ENG"]
[BlackCountry "ENG"]
[WhiteElo "1123"]
[WhiteRD "65"]
[BlackElo "2248"]
[BlackRD "85"]
[GameID "413222"]

1. e4 e5 2. Nc3 Nf6 3. d3 Bb4 4. Bd2 O-O 5. Nf3 d5 6. a3 Bxc3 7. Bxc3 Re8 8. Be2 Nc6 9. b4 d4 10. Bd2 a6
11. c3 Bg4 12. h3 Bxf3 13. Bxf3 dxc3 14. Bxc3 Re6 15. g4 Rd6 16. Be2 Nd4 17. Bf1 Nd7 18. f3 Nf8 19. Qd2 Nfe6 20. f4 Nf3+
21. Kd1 Nxd2 22. Bxd2 exf4 23. Be2 f3 24. Bxf3 Rxd3 25. Ke2 Rxd2+ 26. Ke1 Qd4 27. Rd1 Qf2#
0-1

[Event "Spring Open Tournament 1"]
[Site "SchemingMind.com"]
[Date "2017.04.25"]
[Round "-"]
[White "clare1347"]
[Black "Wojtek26"]
[Result "1-0"]
[WhiteCountry "ENG"]
[BlackCountry "POL"]
[WhiteElo "2275"]
[WhiteRD "87"]
[BlackElo "1608"]
[BlackRD "51"]
[GameID "413223"]

1. e4 e5 2. Nf3 Nc6 3. Bb5 Nge7 4. O-O g6 5. c3 Bg7 6. d4 exd4 7. cxd4 a6 8. Bc4 b5 9. Bb3 O-O 10. Nc3 Bb7
11. Re1 Na5 12. Bc2 d6 13. Bg5 Nac6 14. d5 Ne5 15. Nxe5 Bxe5 16. Qd2 Bg7 17. Bb3 f6 18. Bh6 Bxh6 19. Qxh6 f5 20. Qd2 fxe4
21. Nxe4 Qd7 22. Ng5 Nf5 23. Ne6 Rfe8 24. Rec1 Rac8 25. a4 Nh4 26. axb5 Nxg2 27. bxa6 Bxd5 28. Qxd5 Kh8 29. Qd4+
1-0

[Event "Spring Open Tournament 1"]
[Site "SchemingMind.com"]
[Date "2017.04.25"]
[Round "-"]
[White "Wojtek26"]
[Black "clare1347"]
[Result "0-1"]
[WhiteCountry "POL"]
[BlackCountry "ENG"]
[WhiteElo "1603"]
[WhiteRD "50"]
[BlackElo "2258"]
[BlackRD "84"]
[GameID "413224"]

1. e4 e5 2. Nf3 Nc6 3. Bb5 a6 4. Ba4 Nf6 5. Nc3 d6 6. O-O Be7 7. Re1 b5 8. Bb3 Bg4 9. h3 Be6 10. Bxe6 fxe6
11. Ng5 Qd7 12. d3 O-O 13. b3 d5 14. Bb2 Bc5 15. exd5 exd5 16. a3 Rae8 17. b4 Bb6 18. Ne2 Nh5 19. d4 Qf5 20. Nf3 e4
21. Nh2 Qxf2+
0-1

[Event "Spring Open Tournament 1"]
[Site "SchemingMind.com"]
[Date "2017.04.25"]
[Round "-"]
[White "clare1347"]
[Black "Supernova"]
[Result "1-0"]
[WhiteCountry "ENG"]
[BlackCountry "FRA"]
[WhiteElo "2258"]
[WhiteRD "84"]
[BlackElo "1604"]
[BlackRD "105"]
[GameID "413225"]

1. e4 c5 2. Nf3 Nc6 3. d4 cxd4 4. Nxd4 g6 5. Nc3 Bg7 6. Be3 d6 7. Bb5 Qc7 8. Nd5 Qd7 9. c3 Nf6 10. f3 a6
11. Nb6 Qc7 12. Nxa8 Qd8 13. Nxc6 bxc6 14. Bxc6+ Bd7 15. Bxd7+ Nxd7 16. Qd5 O-O 17. Qb7 Qxa8 18. Qxd7 Bf6 19. O-O Qb8 20. Rf2 Rd8
21. Qa4
1-0

[Event "Spring Open Tournament 1"]
[Site "SchemingMind.com"]
[Date "2017.04.26"]
[Round "-"]
[White "Supernova"]
[Black "clare1347"]
[Result "0-1"]
[WhiteCountry "FRA"]
[BlackCountry "ENG"]
[WhiteElo "1486"]
[WhiteRD "95"]
[BlackElo "2275"]
[BlackRD "87"]
[GameID "413226"]

1. c4 e5 2. Nc3 Nf6 3. g3 d5 4. cxd5 Nxd5 5. Bg2 Nxc3 6. bxc3 Qf6 7. Nf3 Nc6 8. O-O Bc5 9. e4 O-O 10. Bb2 Rd8
11. Rb1 Bg4 12. d3 Qd6 13. d4 exd4 14. cxd4 Bxd4 15. Bxd4 Qg6 16. Qb3 Bxf3 17. Bxf3 Nxd4 18. Qe3 b6 19. Rfd1 c5 20. e5 Rac8
21. h3 Re8 22. Bg2 Re7 23. Qe4 Qxe4 24. Bxe4 Rxe5
0-1

[Event "Spring Open Tournament 1"]
[Site "SchemingMind.com"]
[Date "2017.04.25"]
[Round "-"]
[White "clare1347"]
[Black "kenneth m day"]
[Result "1-0"]
[WhiteCountry "ENG"]
[BlackCountry "USA"]
[WhiteElo "2258"]
[WhiteRD "84"]
[BlackElo "1671"]
[BlackRD "56"]
[GameID "413227"]

1. e4 e5 2. Nf3 Nc6 3. Bb5 f5 4. Nc3 fxe4 5. Nxe4 Nf6 6. Qe2 d6 7. d4 Bd7 8. dxe5 dxe5 9. Bg5 Be7 10. Rd1 O-O
11. Qc4+ Kh8 12. Bxc6 bxc6 13. Nxe5 Bd6 14. Bxf6 gxf6 15. Nf7+ Rxf7 16. Qxf7 Be7 17. Nxf6 Bxf6 18. Rxd7 Qe8+ 19. Kd1 Qxf7 20. Rxf7 Be5
21. Rd7 Bxb2 22. Re1 Bc3 23. Ree7 h6 24. Rxc7 Bd4 25. Rxc6 Bxf2 26. Rxh6+ Kg8 27. Rg6+ Kf8 28. Rge6 Rd8+ 29. Ke2 Bc5 30. Rb7 Bb6
31. Ree7 Re8 32. Rxe8+ Kxe8 33. Rxb6 axb6 34. g4
1-0

[Event "Spring Open Tournament 1"]
[Site "SchemingMind.com"]
[Date "2017.04.25"]
[Round "-"]
[White "kenneth m day"]
[Black "clare1347"]
[Result "0-1"]
[WhiteCountry "USA"]
[BlackCountry "ENG"]
[WhiteElo "1669"]
[WhiteRD "57"]
[BlackElo "2248"]
[BlackRD "85"]
[GameID "413228"]

1. e4 e5 2. f4 exf4 3. Nf3 g5 4. d4 g4 5. Ne5 Qh4+ 6. g3 fxg3 7. hxg3 Qxh1 8. Qxg4 Nf6 9. Qf4 Qxe4+ 10. Be2 Qh1+
11. Kd2 Bh6
0-1

[Event "Spring Open Tournament 1"]
[Site "SchemingMind.com"]
[Date "2017.04.25"]
[Round "-"]
[White "Transcendent"]
[Black "kenneth m day"]
[Result "0-1"]
[WhiteCountry "ENG"]
[BlackCountry "USA"]
[WhiteElo "1658"]
[WhiteRD "64"]
[BlackElo "1699"]
[BlackRD "57"]
[GameID "413229"]

1. e4 e5 2. Nf3 Nc6 3. Bb5 f5 4. Nc3 fxe4 5. Nxe4 Nf6 6. Bxc6 dxc6 7. Nxe5 Bd6 8. Nxf6+ Qxf6 9. Nc4 Qe6+ 10. Qe2 Qxe2+
11. Kxe2 Bc5 12. d3 O-O 13. Be3 Bd6 14. Nxd6 cxd6 15. Rhe1 Bg4+ 16. f3 Bd7 17. Kd2 Rae8 18. Bxa7 Ra8 19. Bd4 Rf7 20. Re3 c5
21. Bc3 b5 22. b3 b4 23. Bb2 Bf5 24. Rae1 Rxa2 25. Re8+ Rf8 26. Kc1 Rxe8 27. Rxe8+ Kf7 28. Rb8 Ra7 29. Kd2 Re7 30. Rd8 Ke6
0-1

[Event "Spring Open Tournament 1"]
[Site "SchemingMind.com"]
[Date "2017.04.25"]
[Round "-"]
[White "kenneth m day"]
[Black "Transcendent"]
[Result "0-1"]
[WhiteCountry "USA"]
[BlackCountry "ENG"]
[WhiteElo "1699"]
[WhiteRD "57"]
[BlackElo "1658"]
[BlackRD "64"]
[GameID "413230"]

1. e4 e6 2. d4 d5 3. Nd2 Nf6 4. e5 Nfd7 5. Bd3 c5 6. c3 Nc6 7. Ne2 cxd4 8. cxd4 f6 9. Nf3 fxe5 10. Nxe5 Ndxe5
11. dxe5 Nxe5 12. O-O Nxd3 13. Qxd3 Bd6 14. Re1 O-O 15. Bd2 Qb6 16. Bc3 Qxf2+ 17. Kh1 Qh4 18. g3 Qg5 19. Rf1 Bd7 20. Bd2 Qe5
21. Bc3 Qh5 22. Rae1 Bc6 23. Kg1 Qh3 24. Bd4 e5 25. Bf2 d4 26. Nf4 exf4 27. Re4 f3 28. Rh4 Qg2#
0-1

[Event "Spring Open Tournament 1"]
[Site "SchemingMind.com"]
[Date "2017.04.25"]
[Round "-"]
[White "kenneth m day"]
[Black "Chessibelle"]
[Result "1-0"]
[WhiteCountry "USA"]
[BlackCountry "ENG"]
[WhiteElo "1669"]
[WhiteRD "57"]
[BlackElo "1123"]
[BlackRD "65"]
[GameID "413231"]

1. e4 e5 2. Nf3 Nc6 3. c3 Nf6 4. d4 Be7 5. Bg5 d6 6. Nbd2 O-O 7. h4 Bg4 8. Be2 a6 9. Qc2 Be6 10. a3 Re8
11. O-O-O b6 12. d5 Bd7 13. dxc6 Bxc6 14. Bc4 d5 15. exd5 Nxd5 16. Ne4 f6 17. Be3 Kf8 18. Qb3 b5 19. Bxd5 Qd7 20. Bg8 Qg4
21. Qf7#
1-0

[Event "Spring Open Tournament 1"]
[Site "SchemingMind.com"]
[Date "2017.04.25"]
[Round "-"]
[White "Chessibelle"]
[Black "kenneth m day"]
[Result "0-1"]
[WhiteCountry "ENG"]
[BlackCountry "USA"]
[WhiteElo "1123"]
[WhiteRD "65"]
[BlackElo "1669"]
[BlackRD "57"]
[GameID "413232"]

1. e4 e5 2. Nc3 Nf6 3. Nf3 Bc5 4. h3 Nc6 5. a3 a6 6. Be2 O-O 7. O-O d6 8. g4 h6 9. d3 Nh7 10. h4 Bxg4
11. Kg2 Qd7 12. Nh2 Bh3+ 13. Kh1 Bxf1 14. Qxf1 Nd4 15. Bh5 Nf6 16. Qd1 Nxh5 17. Qxh5 Qe6 18. Be3 Nxc2 19. Rg1 Nxe3 20. fxe3 Bxe3
21. Rg3 Bf4 22. Rg2 Rae8 23. Ne2 Qf6 24. Qg4 Re6 25. h5 Bg5 26. Qg3 Kh7 27. Ng4 Qe7 28. Nc3 c6 29. b4 Bf4 30. Qf3 Qh4+
31. Kg1 Qe1+
0-1

[Event "Spring Open Tournament 1"]
[Site "SchemingMind.com"]
[Date "2017.04.25"]
[Round "-"]
[White "kenneth m day"]
[Black "Wojtek26"]
[Result "1/2-1/2"]
[WhiteCountry "USA"]
[BlackCountry "POL"]
[WhiteElo "1671"]
[WhiteRD "56"]
[BlackElo "1603"]
[BlackRD "50"]
[GameID "413233"]

1. e4 e5 2. Nf3 Nc6 3. c3 Nf6 4. d4 exd4 5. e5 Ng4 6. cxd4 d6 7. Be2 dxe5 8. O-O exd4 9. Re1 Be7 10. Bb5 Qd5
11. Qe2 Be6 12. Bf4 a6 13. Bd3 Nb4 14. Be4 Qb5 15. Nxd4 Qxe2 16. Rxe2 Nf6 17. Nc3 Nxe4 18. Nxe6 fxe6 19. Nxe4 c6 20. a3 Nd3
21. Bd6 Rd8 22. Bxe7 Kxe7 23. Rd1 Nf4 24. Red2 Ne2+ 25. Kf1 Rxd2 26. Rxd2 Nf4 27. g3 Nd5 28. Nc5 b6 29. Nxa6 Rf8 30. Rd4 Rf3
31. Nb4 Nxb4=
1/2-1/2

[Event "Spring Open Tournament 1"]
[Site "SchemingMind.com"]
[Date "2017.04.25"]
[Round "-"]
[White "Wojtek26"]
[Black "kenneth m day"]
[Result "0-1"]
[WhiteCountry "POL"]
[BlackCountry "USA"]
[WhiteElo "1596"]
[WhiteRD "45"]
[BlackElo "1714"]
[BlackRD "60"]
[GameID "413234"]

1. e4 d5 2. exd5 Qxd5 3. Nc3 Qd6 4. Nf3 Nf6 5. d3 Bg4 6. Be2 Nc6 7. O-O e5 8. h3 Be6 9. Bg5 Be7 10. Nb5 Qd7
11. Re1 O-O-O 12. Bf1 h6 13. Bh4 g5 14. Bg3 a6 15. Nc3 Bd6 16. Nxe5 Nxe5 17. Bxe5 Bxe5 18. Qf3 Bxc3 19. bxc3 Nd5 20. c4 Ne7
21. Rab1 Nc6 22. Red1 Kb8 23. g4 Qd6 24. Bg2 Kc8 25. Qf6 Qd4 26. Qf3 Rd6 27. Qe3 Qxe3 28. fxe3 Rf8 29. Rb2 Kb8 30. Rdb1 Bc8
31. d4 Na5 32. c5 Re6 33. e4 c6 34. d5 cxd5 35. exd5 Re5 36. c6 Rfe8 37. d6 Re1+ 38. Rxe1 Rxe1+ 39. Kf2 Re6 40. d7 Bxd7
41. cxd7 Rd6 42. Rb6 Rxd7 43. Be4 Re7 44. Bf3 Re6 45. Rb4 Rd6 46. Ke3 Ka7 47. Rb1 Nc6 48. c4 Re6+ 49. Kf2 Na5 50. c5 Nc6
51. Kg3 Re3 52. Kf2 Rc3 53. Rd1 Ne5 54. Be4 Rxc5 55. Rb1 b5 56. Rd1 Rc7 57. Rd5 Re7 58. Rd8 Nc4 59. Ra8+ Kb6 60. Rb8+ Ka5
61. Bc2 Re3 62. Bb3 Rxh3 63. Bxc4 bxc4
0-1

[Event "Spring Open Tournament 1"]
[Site "SchemingMind.com"]
[Date "2017.04.25"]
[Round "-"]
[White "kenneth m day"]
[Black "Supernova"]
[Result "1-0"]
[WhiteCountry "USA"]
[BlackCountry "FRA"]
[WhiteElo "1699"]
[WhiteRD "57"]
[BlackElo "1486"]
[BlackRD "95"]
[GameID "413235"]

1. e4 e5 2. Nf3 d6 3. d4 Nc6 4. Bb5 Bd7 5. O-O Nf6 6. Bg5 exd4 7. Nbd2 Be7 8. Re1 O-O 9. Bxc6 Bxc6 10. Nxd4 Qd7
11. Nxc6 Qxc6 12. Qf3 Rae8 13. c3 Nd7 14. Bf4 Bf6 15. Rad1 Re6 16. Rc1 Rfe8 17. Nb3 Rxe4 18. Rxe4 Qxe4 19. Qxe4 Rxe4 20. Be3 Nb6
21. g3 Re8 22. Bd4 Bxd4 23. Nxd4 a6 24. b3
1-0

[Event "Spring Open Tournament 1"]
[Site "SchemingMind.com"]
[Date "2017.04.25"]
[Round "-"]
[White "Supernova"]
[Black "kenneth m day"]
[Result "0-1"]
[WhiteCountry "FRA"]
[BlackCountry "USA"]
[WhiteElo "1486"]
[WhiteRD "95"]
[BlackElo "1699"]
[BlackRD "57"]
[GameID "413236"]

1. f4 d5 2. e3 Nf6 3. Nf3 Bg4 4. Be2 Nc6 5. d3 e6 6. b3 Bb4+ 7. c3 Bd6 8. O-O O-O 9. Bb2 Re8 10. Nbd2 e5
11. fxe5 Nxe5 12. d4 Nxf3+ 13. Nxf3 Qe7 14. Bc1 Ne4 15. Bd2 Qf6 16. Bd3 Qh6 17. g3 Re6 18. c4 c6 19. cxd5 cxd5 20. Be2 Qh3
21. Ne5 Bxe2 22. Qxe2 f6 23. Nd3 Bxg3 24. hxg3 Nxg3
0-1

[Event "Spring Open Tournament 1"]
[Site "SchemingMind.com"]
[Date "2017.04.30"]
[Round "-"]
[White "The Stonewall"]
[Black "clare1347"]
[Result "1-0"]
[WhiteCountry "ENG"]
[BlackCountry "ENG"]
[WhiteElo "2315"]
[WhiteRD "85"]
[BlackElo "2265"]
[BlackRD "88"]
[GameID "413244"]

1. d4 d5 2. Bg5 Nc6 3. e3 f6 4. Bh4 e5 5. Bb5 exd4 6. Qxd4 Bd6 7. Nc3 Ne7 8. Qd2 Be6 9. Nf3 O-O 10. Bg3 Ne5
11. Be2 c5 12. O-O Qb6 13. a4 a6 14. a5 Qc6 15. Rfd1 Rad8 16. Na4 Bf7 17. Qc3 Bh5 18. Nxe5 Bxe5 19. Qd2 Bxe2 20. Qxe2 c4
21. Qg4 Kh8 22. Bxe5 fxe5 23. Nb6 c3 24. bxc3 Qxc3 25. Qa4 Qc7 26. c3 e4 27. Ra2 Rf5 28. Qb3 h6 29. Rad2 Nc6 30. Nxd5 Qf7
31. c4 Rg5 32. h4 Rh5 33. Qc2 Re5 34. Nf4 Rxd2 35. Rxd2 Kh7 36. Rd5 Qe8 37. Qb1 Re7 38. h5 Qc8 39. f3 Re8 40. Ng6 Qe6
41. f4 Qg4 42. Kf2 Nd8 43. c5 Nc6 44. Rd6 Nd8 45. Ne5 Qxh5 46. Qxe4+ Kg8 47. Qd5+ Kh7 48. Qd3+ Kg8 49. Qb3+ Kh7 50. Nf3 Kh8
51. Qb6 Nf7 52. Rd7 Qf5 53. Rxb7 Qc2+ 54. Kg1 Qd1+ 55. Kh2 Qd5 56. c6 Nd6 57. Rd7 Qh5+ 58. Kg1 Nc8 59. Qd4 Rg8 60. Ne5 Qf5
61. Qc4 Kh7 62. c7
1-0